000
00326nam a22001457a 4500
008
221122b ||||| |||| 00| 0 eng d
020
_a
2400033028060
041
_a
eng
080
_2
NINTH EDITION
_a
615
082
_a
615DIP
100
_a
13
101
_a
FARMA
245
_a
PHARMACOTHERAPY
_c
DIPIRO T.J
942
_2
udc
_c
BK
999
_c
58997
_d
58997